000 03426nam a2200421 a 4500
001 000113842
003 CHAP
005 20240416093924.0
008 170929s2008 sp a |r| ||||||spa d
010 _a110303
011 _a111275
020 _a9788484763633
020 _a9788484763635 (segunda edición corregida)
020 _a9788484763635 ( Segunda edición corregida 2011 )
040 _cCHAP
_erda
082 0 4 _a621.45
_bE74 2008
100 1 _aEscudero López, José Ma.
_937550
245 1 0 _aManual de energía eólica :
_binvestigación, diseño, promoción, construcción y explotación de distinto tipo de instalaciones /
_cpor José Ma. Escudero López.
250 _aSegunda edición
260 _aMadrid :
_bMundi-Prensa,
_c2008.
264 _aEspaña:
_bMundi-Prensa,
_c2008.
300 _a471 p :
_bil.
504 _aIncluye índice y bibliografía
520 _aManual práctico y de consulta en el que se da respuesta a múltiples cuestiones, de forma comprensible dentro de su complejidad, sobre esta importante tecnología: ¿qué es el viento?, ¿por qué y cómo se desarrolla?, ¿cuál es sus comportamiento?, ¿dónde existe?, ¿cómo se consigue energía?, ¿para qué se utiliza?, ¿durante cuánto tiempo puede utilizarse?, ¿por qué existe tanta discusión sobre las instalaciones?, ¿por qué moviliza tanta inversión?, ¿por qué las empresas se compran o se venden a precios astronómicos?, etc.El libro está pensado y va dirigido a un amplio colectivo: profesores y estudiantes, aficionados, ecologistas, técnicos de las distintas administraciones del Estado, organizaciones privadas y públicas, investigadores, analistas de mercado, entidades financieras, instaladores, promotores de grandes y pequeñas instalaciones, inversores, empresas de mantenimiento, usuarios, productores, distribuidores y comercializadores de energía. Incorpora datos básicos sobre las instalaciones más frecuentes marcando directrices para la realización de desarrollos de futuro y para el aprovechamiento de nichos de mercados nacionales e internacionales que actualmente están en estado latente. El autor cuenta con una dilatada carrera profesional, desarrollada inicialmente en la empresa privada, posteriormente en la pública y finalmente de nuevo en la empresa privada. En el año 1978 inició su actividad en el campo de la energía eólica con proyectos de investigación de mercados y con el desarrollo del primer aerogenerador español, participando a continuación en el desarrollo y gestión de todas las actividades de introducción de la energía eólica en España, incluyendo el desarrollo de aerogeneradores de mayor potencia, formulando planes estratégicos regionales, realizando investigación de recursos eólicos en gran parte de nuestro territorio, gestión de promoción de parques eólicos, estudio de prospectiva industrial y tecnológica, desarrollo de criterios de financiación, etc.; pudiendo por tanto ser considerado pionero en esta tecnología.
590 _aE5765TAJ
_b05
_c20170929
590 _aE5765TAJ
_b05
_c20170929
650 1 4 _aEnergía eléctrica.
_936901
650 1 4 _aEnergía eólica.
_936903
650 1 4 _aEnergía renovable.
_936910
650 1 4 _aInstalaciones eléctricas.
_958971
650 1 4 _aVientos.
_9119291
901 _aBK
942 _2ddc
942 _n0
_2ddc
942 _2ddc
942 _2ddc
942 _cLIBRO
_2ddc
999 _c110303
_d110303